000 004440000a22001810004500
003 LK-CoMWRAF
005 20230925153020.0
008 230817t ||||| |||| 00| 0 eng d
040 _aLK-CoMWRAF
_dLK-CoMWRAF
_eLK-CoMWRAF
041 _aeng
082 _a297.27
_bIDR
100 _aIdris, Haji Abu
245 _aCommunism Islam and You
260 _aLahore :
_bSh. Muhammad Ashraf,
_c1982
300 _a54p
650 _aIslam
942 _cBK
999 _c3047
_d3047